Del Garona al Mapocho:. : (Record no. 40889)
[ view plain ]
| 000 -CABECERA | |
|---|---|
| campo de control de longitud fija | 00746nam a2200193 a 4500 |
| 001 - NÚMERO DE CONTROL | |
| campo de control | 000041399 |
| 005 - FECHA Y HORA DE LA ÚLTIMA TRANSACCIÓN | |
| campo de control | 20201002034844.0 |
| 008 - DATOS DE LONGITUD FIJA--INFORMACIÓN GENERAL | |
| campo de control de longitud fija | 131002s2005 cl b 000 0 spa d |
| 020 ## - NÚMERO INTERNACIONAL ESTÁNDAR DEL LIBRO | |
| Número Internacional Estándar del Libro | 9562441741 |
| 040 ## - FUENTE DE LA CATALOGACIÓN | |
| Centro catalogador/agencia de origen | DO-SdBNP |
| Lengua de catalogación | spa |
| Centro/agencia transcriptor | BNPHU |
| 082 ## - NÚMERO DE LA CLASIFICACIÓN DECIMAL DEWEY | |
| Número de clasificación | xxxx |
| Número de documento/Ítem | xxxx |
| 100 1# - ENTRADA PRINCIPAL--NOMBRE DE PERSONA | |
| Nombre de persona | Agard-Lavallé |
| 9 (RLIN) | 68049 |
| 245 10 - MENCIÓN DE TÍTULO | |
| Título | Del Garona al Mapocho:. : |
| Resto del título | emigrantes, comerciantes y viajeros de Burdeos a Chile (1830-1870) / |
| Mención de responsabilidad, etc. | Francine Agard-Lavallé, Bernard Lavallé. |
| 260 ## - PUBLICACIÓN, DISTRIBUCIÓN, ETC. | |
| Lugar de publicación, distribución, etc. | Santiago de Chile, : |
| Nombre del editor, distribuidor, etc. | Centro de investigaciones Diego Barros Arana |
| -- | Dirección de bibliotecas, archivos y museos, |
| Fecha de publicación, distribución, etc. | 2005. |
| 490 1# - MENCIÓN DE SERIE | |
| Mención de serie | Ensayos y estudios |
| Designación de volumen o secuencia | 5 |
| 504 ## - NOTA DE BIBLIOGRAFÍA, ETC. | |
| Nota de bibliografía, etc. | Bibliografía p: 123-124 |
| 700 1# - PUNTO DE ACCESO ADICIONAL--NOMBRE DE PERSONA | |
| Nombre de persona | Lavallé, Bernard |
| 9 (RLIN) | 65965 |
| 830 #0 - PUNTO DE ACCESO ADICIONAL DE SERIE-TÍTULO UNIFORME | |
| Título uniforme | Ensayos y estudios |
| Designación de volumen o secuencia | 5 |
| 9 (RLIN) | 68050 |
| Estado de retiro | Estado de pérdida | Restricciones de uso | No para préstamo | Código de colección | Localización permanente | Ubicación/localización actual | Ubicación en estantería | Fecha de adquisición | Número de inventario | Total de préstamos | Signatura topográfica completa | Código de barras | Fecha visto por última vez | Precio válido a partir de | Tipo de ítem Koha |
|---|---|---|---|---|---|---|---|---|---|---|---|---|---|---|---|
| Excluido de préstamo | Monografías: Libros y Folletos | General | General | En catalogación | 02.10.2013 | LF1 | xxxx xxxx | 41399-10 | 25.06.2020 | 25.06.2020 | No se presta |
